E-Commerce (Record no. 615)

MARC details
005 - DATE AND TIME OF LATEST TRANSACTION
control field 20250314122632.0
020 ## - INTERNATIONAL STANDARD BOOK NUMBER
International Standard Book Number 0-07-246521-2
082 ## - DEWEY DECIMAL CLASSIFICATION NUMBER
Classification number 658.872 RAY
100 ## - MAIN ENTRY--PERSONAL NAME
Author name RAYPORT, J. F.
245 ## - TITLE STATEMENT
Title E-Commerce
260 ## - PUBLICATION, DISTRIBUTION, ETC.
Place of publication, distribution, etc. Boston
Name of publisher, distributor, etc. McGraw-Hill
Date of publication, distribution, etc. 2001
300 ## - PHYSICAL DESCRIPTION
Extent xxxv, 419p., ill., table, figure, picture
Other physical details Glossary, index
Dimensions 26cm.
700 ## - ADDED ENTRY--PERSONAL NAME
Other authors/Editors JAWORSKI, B. J.
942 ## - ADDED ENTRY ELEMENTS (KOHA)
Source of classification or shelving scheme Dewey Decimal Classification
Koha item type Books
Holdings
Date last seen Total checkouts Full call number Barcode Cost, replacement price Price effective from Koha item type Lost status Source of classification or shelving scheme Damaged status Not for loan Withdrawn status Home library Current library Shelving location Date acquired Cost, normal purchase price
03/14/2025   658.872 RAY 0000002384 75000.00 03/14/2025 Books   Dewey Decimal Classification       College of Business Education Main Library College of Business Education Main Library General Collection 03/14/2025 25000.00
03/14/2025   658.872 RAY 0000002385 75000.00 03/14/2025 Books   Dewey Decimal Classification       College of Business Education Main Library College of Business Education Main Library General Collection 03/14/2025 25000.00
03/14/2025   658.872 RAY 0000002386 75000.00 03/14/2025 Books   Dewey Decimal Classification       College of Business Education Main Library College of Business Education Main Library General Collection 03/14/2025 25000.00
03/14/2025   658.872 RAY 0000002387 75000.00 03/14/2025 Books   Dewey Decimal Classification       College of Business Education Main Library College of Business Education Main Library General Collection 03/14/2025 25000.00
03/14/2025   658.872 RAY 0000002388 75000.00 03/14/2025 Books   Dewey Decimal Classification       College of Business Education Main Library College of Business Education Main Library General Collection 03/14/2025 25000.00